Bariéry úverov

Zlepšenie dostupnosti komerčných úverov. Komerčné banky a poskytovanie podnikových úverov. Lízing ako najvyužívanejší zdroj kapitálu pre malé a stredné podniky. Konkurzy. Práca na živnosť a komerčné banky. Podiel úverov na aktívach bankového sektora. Kapitálový trh ako alternatívny zdroj financií pr...

Ausführliche Beschreibung

Gespeichert in:
Bibliographische Detailangaben
1. Verfasser: Kobida, Erik
Format: Buchkapitel
Sprache:Slowakisch
Schlagworte:
Tags: Tag hinzufügen
Keine Tags, Fügen Sie das erste Tag hinzu!

MARC

LEADER 00000naa$a2200000$$$4500
001 0013435
005 20230926071526.9
041 0 |a slo 
044 |a SK 
245 1 0 |a Bariéry úverov  |c aut. Erik Kobida 
520 |a Zlepšenie dostupnosti komerčných úverov. Komerčné banky a poskytovanie podnikových úverov. Lízing ako najvyužívanejší zdroj kapitálu pre malé a stredné podniky. Konkurzy. Práca na živnosť a komerčné banky. Podiel úverov na aktívach bankového sektora. Kapitálový trh ako alternatívny zdroj financií pre investície. Postavenie najväčších slovenských komerčných bánk v rámci CEFTA. Rozdelenie bankovej štruktúry na Slovensku. Vytvorenie siete pobočiek komerčných bánk. 
610 2 0 |a úver 
610 2 0 |a úver bankový 
610 2 0 |a banky 
610 2 0 |a lízing 
610 2 0 |a podnik malý 
610 2 0 |a podnik stredný 
610 2 0 |a financie 
610 2 0 |a trh kapitálový 
100 1 |a Kobida, Erik